000 00236nam a2200097Ia 4500
008 200302s9999 xx 000 0 und d
100 _aAuthor
245 _aBest of Gates & Grilis
260 _bM B D Publishers Disributors
300 _a80 P.,
999 _c1573
_d1573